All Mario Party Games - Statistics

General Stats
  • This quiz has been taken 33 times
  • The average score is 15 of 18
Answer Stats
Game % Correct
Mario Party 6
100%
Mario Party 1
95%
Mario Party 10
95%
Mario Party 2
95%
Mario Party 3
95%
Mario Party 4
95%
Mario Party 5
95%
Mario Party 7
95%
Mario Party 8
95%
Mario Party 9
95%
Super Mario Party
86%
Mario Party Superstars
73%
Super Mario Party Jamboree
73%
Mario Party DS
59%
Mario Party: Island Tour
59%
Mario Party: The Top 100
59%
Mario Party Advance
50%
Mario Party: Star Rush
41%
No matching quizzes found
Score Distribution
Percent of People with Each Score
Percentile by Number Answered
Your Score History
You have not taken this quiz